| 000 | 00415nam a22001457a 4500 | ||
|---|---|---|---|
| 003 | OSt | ||
| 008 | 220930b |||||||| |||| 00| 0 eng d | ||
| 020 | _a8120500148 | ||
| 082 |
_a631.8 _bBUY/PH |
||
| 100 |
_aed by, Buyanov _aed by, voronyuk _95264 |
||
| 245 | _aPhysical and mechanical properties of plants, fertilizers and soils | ||
| 260 |
_aNew delhi _bAmerind publishing co.pvt ltd |
||
| 300 | _a528 | ||
| 942 | _cBK | ||
| 999 |
_c17558 _d17558 |
||